L'Ancien club des 50 joueurs de Premier League les plus chers - Statistiques

Statistiques générales
  • Ce quiz a été pris 128 fois
  • Le résultat moyen est 34 sur 50
Statistiques - réponses
Joueur Club actuel Dernier club % Correct
Erling-Braut Haaland Manchester City Borussia Dortmund
100%
Cole Palmer Chelsea FC Manchester City
95%
Bernardo Silva Manchester City AS Monaco
90%
Marcus Rashford Aston Villa Manchester United
89%
William Saliba Arsenal FC Olympique de Marseille
89%
Jérémy Doku Manchester City Stade Rennais
89%
Declan Rice Arsenal FC West Ham United
89%
Kai Havertz Arsenal FC Chelsea FC
88%
Bruno Guimarães Newcastle United Olympique Lyonnais
86%
Christopher Nkunku Chelsea FC RB Leipzig
86%
Bruno Fernandes Manchester United Sporting Portugal
86%
Rodri Manchester City Atlético Madrid
85%
Omar Marmoush Manchester City Eintracht Francfort
85%
Leny Yoro Manchester United LOSC Lille
85%
Manuel Ugarte Manchester United Paris Saint-Germain
85%
Rúben Dias Manchester City SL Benfica
84%
Dominik Szoboszlai Liverpool FC RB Leipzig
82%
Darwin Núñez Liverpool FC SL Benfica
82%
Alexis MacAllister Liverpool FC Brighton
80%
Joško Gvardiol Manchester City RB Leipzig
80%
Moisés Caicedo Chelsea FC Brighton
77%
James Maddison Tottenham Hotspurs Leicester City
77%
Cody Gakpo Liverpool FC PSV Eindhoven
77%
Alexander Isak Newcastle United Real Sociedad
77%
Enzo Fernández Chelsea FC SL Benfica
77%
Ibrahima Konaté Liverpool FC RB Leipzig
75%
Dejan Kulusevski Tottenham Hotspurs Juventus Turin
72%
Mohamed Salah Liverpool FC AS Roma
70%
Pedro Neto Chelsea FC Wolverhampton
70%
Ryan Gravenberch Liverpool FC FC Bayern Munich
69%
Rasmus Højlund Mancheser United Atalanta Bergame
68%
Luis Díaz Liverpool FC FC Porto
68%
Martin Ødegaard Arsenal FC Real Sociedad
67%
Amadou Onana Aston Villa Everton FC
66%
Savinho Manchester City Girona FC
66%
Lisandro Martínez Manchester United Ajax Amsterdam
60%
Gabriel Arsenal FC LOSC Lille
59%
Ben White Arsenal FC Brighton
58%
Mohammed Kudus West Ham United Ajax Amsterdam
54%
Anthony Gordon Newcastle United Everton FC
53%
Cristian Romero Tottenham Hotspurs Atalanta Bergame
43%
Matheus Cunha Wolverhampton Atlético Madrid
40%
Micky van de Ven Tottenham Hotspurs VfL Wolfsbourg
35%
Levi Colwill Chelsea FC Brighton
32%
Brennan Johnson Tottenham Hotspurs Nottingham Forest
28%
Nicolas Jackson Chelsea FC Villarreal CF
27%
Ollie Watkins Aston Villa Brentford FC
23%
Bryan Mbeumo Brentford FC ESTAC Troyes
18%
Eberechi Eze Crystal Palace Queens Park Rangers
7%
Gabriel Martinelli Arsenal FC Ituano FC
5%
Aucun quiz correspondant
Distribution des résultats
% des personnes avec chaque résultat
Percentile par nombre de réponses
Votre historique - résultats
Vous n’avez pas pris ce quiz